Language Quiz

Random Language or Country Quiz

Language by Top 3 Countries Quiz Stats

Quiz Updated Jan 10, 2018

Challenge
Share
Tweet
Embed
Score 0/20 Timer 05:00
4 Plays Today
% Correct
English
94.8%
Russian
94.2%
German
93.7%
Italian
93.4%
Portuguese
92.9%
Dutch
92.3%
Mandarin
91.3%
Swedish
91.3%
Spanish
91.1%
Arabic
88.6%
% Correct
Japanese
85.8%
Malay
84.6%
Hindi
77.1%
Persian
76.6%
Catalan
72.9%
Swahili
70.4%
Kongo
70%
Bengali
63.6%
Quechua
60.1%
Chichewa
39.4%

You're not logged in!

Compare scores with friends on all Sporcle quizzes.
Sign Up with Email
OR
Log In

You Might Also Like...

Show Comments

Extras

Top Quizzes Today


Score Distribution

Your Account Isn't Verified!

In order to create a playlist on Sporcle, you need to verify the email address you used during registration. Go to your Sporcle Settings to finish the process.

Report this User

Report this user for behavior that violates our Community Guidelines.

Details: